LEADER 00896nam0-2200277 --450 001 9910468457403321 005 20230622133935.0 010 $a0881351520 100 $a20210504d1993----kmuy0itay5050 ba 101 0 $aeng 102 $aUS 105 $a 001yy 200 1 $a<>enlightenment of matter$ethe definition of chemistry from Agricola to Lavoisier$fMarco Beretta 210 $aCanton, Mass.$cScience history publications$d1993 215 $aXVI, 396 p., \1! c. di tav. ripieg$cill.$d23 cm. 225 1 $aUppsala studies in history of science$v15 610 0 $aChimica$aStoria$aSec. 18. 676 $a540.14$v19 700 1$aBeretta,$bMarco$f<1962- >$053774 801 0$aIT$bUNINA$gREICAT$2UNIMARC 901 $aBK 912 $a9910468457403321 952 $aDFT A30 BERM 01$b2021/705$fFLFBC 959 $aFLFBC 996 $aEnlightenment of matter$91773612 997 $aUNINA LEADER 03002nam 2200685 n 450 001 9910962818303321 005 20251116150920.0 010 $a0-19-773088-4 010 $a978019518470X 010 $a0-19-972900-X 010 $a0-19-518470-X 024 7 $a10.1093/oso/9780195157338.001.0001 035 $a(CKB)1000000000029124 035 $a(StDuBDS)AH24087544 035 $a(SSID)ssj0000203125 035 $a(PQKBManifestationID)11954436 035 $a(PQKBTitleCode)TC0000203125 035 $a(PQKBWorkID)10259582 035 $a(PQKB)10157886 035 $a(Au-PeEL)EBL315147 035 $a(CaPaEBR)ebr10085231 035 $a(OCoLC)57138417 035 $a(MiAaPQ)EBC315147 035 $a(OCoLC)1406785341 035 $a(StDuBDS)9780197730881 035 $a(OCoLC) 55000584 035 $a(FINmELB)ELB168876 035 $a(EXLCZ)991000000000029124 100 $a20040701e20232004 uy 0 101 0 $aeng 135 $aur||||||||||| 181 $ctxt 182 $cc 183 $acr 200 10$aMind $ea brief introduction /$fJohn R. Searle 205 $a1st ed. 210 1$aOxford :$cOxford University Press,$d2023. 215 $a1 online resource (ix, 224 p. ) $cill 225 1 $aFundamentals of philosophy 225 1 $aOxford scholarship online 300 $aFormerly CIP.$5Uk 300 $aPreviously issued in print: 2004. 311 08$a0-19-515733-8 320 $aIncludes bibliographical references and index. 327 $aIntro -- Contents -- Acknowledgments -- Introduction: Why I Wrote This Book -- 1. A Dozen Problems in the Philosophy of Mind -- 2. The Turn to Materialism -- 3. Arguments against Materialism -- 4. Consciousness Part I: Consciousness and the Mind-Body Problem -- 5. Consciousness Part II: The Structure of Consciousness and Neurobiology -- 6. Intentionality -- 7. Mental Causation -- 8. Free Will -- 9. The Unconscious and the Explanation of Behavior -- 10. Perception -- 11. The Self -- Epilogue: Philosophy and the Scientific World-View -- Notes -- Suggestions for Further Reading -- Index -- A -- B -- C -- D -- E -- F -- G -- H -- I -- K -- L -- M -- N -- O -- P -- Q -- R -- S -- T -- U -- W -- Z -- Name Index -- A -- B -- C -- D -- E -- F -- G -- H -- J -- K -- L -- M -- N -- P -- R -- S -- T -- V -- W -- Y. 330 8 $aJohn Searle offers a general introduction to the philosophy of mind. Giving a broad survey of all the major issues under discussion in the field, including philosophical issues in cognitive science and neurobiology, Searle also argues for his own distinctive point of view. 410 0$aFundamentals of philosophy. 410 0$aOxford scholarship online. 606 $aPhilosophy of mind 615 0$aPhilosophy of mind. 676 $a128/.2 700 $aSearle$b John R.$027859 801 0$bStDuBDS 801 2$bUk 801 2$bStDuBDSZ 801 2$bStDuBDSZ 906 $aBOOK 912 $a9910962818303321 996 $aMind$94524876 997 $aUNINA